|
|
|
|
| LEADER |
01089nam a2200301 a 4500 |
| 001 |
5282 |
| 003 |
BD-DhAAL |
| 005 |
20150302123058.0 |
| 008 |
150302s2001 ii b 001 0 eng |
| 010 |
|
|
|a 2001292867
|
| 020 |
|
|
|a 0195655915
|
| 040 |
|
|
|a DLC
|c DLC
|d DLC
|d BD-DhAAL
|
| 050 |
0 |
0 |
|a JC330
|b .L35 2001
|
| 082 |
0 |
0 |
|a 303.3
|2 21
|
| 245 |
0 |
0 |
|a Leadership and power :
|b ethical explorations /
|c edited by S.K. Chakraborty, Pradip Bhattacharya.
|
| 260 |
|
|
|a New Delhi ;
|a New York :
|b Oxford University Press,
|c 2001.
|
| 300 |
|
|
|a x, 453 p. ;
|c 22 cm.
|
| 504 |
|
|
|a Includes bibliographical references and index.
|
| 520 |
|
|
|a Contributed articles.
|
| 541 |
|
|
|e 5282
|
| 650 |
|
0 |
|a Power (Social sciences)
|9 7783
|
| 650 |
|
0 |
|a Leadership.
|9 8928
|
| 650 |
|
0 |
|a Social participation
|z India.
|9 8929
|
| 700 |
1 |
|
|a Chakraborty, S. K.
|9 8930
|
| 700 |
1 |
|
|a Bhattacharya, Pradip,
|d 1947-
|9 8931
|
| 942 |
|
|
|2 ddc
|c BK
|
| 999 |
|
|
|c 33843
|d 33843
|
| 952 |
|
|
|0 0
|1 0
|2 ddc
|4 0
|6 303_300000000000000_LEA
|7 0
|9 52833
|a SCL
|b SCL
|c GEN
|d 2015-03-02
|g 879.00
|l 1
|o 303.3 LEA
|p 3020005282
|r 2022-11-13
|s 2022-11-04
|t 1
|w 2015-03-02
|y BK
|